000 01077nam a22003017a 4500
003 CHAP
005 20220329143539.0
008 100512s1969 us r 00010 eng d
010 _a98374
011 _a99346
035 _a110032
040 _cCHAP
082 0 4 _a630.2
_bD16
100 0 0 _aDalrymple, Dana G.
_930968
245 1 0 _aTechnological change in agriculture :
_beffects and implications for the developing nations
_c/by Dana G. Dalrymple
260 _aWashington, D.C. :
_bInternational Development. U.S. Foreign Agricultural Service
_c1969
300 _av, 81 p. :
_bgráfs.
590 _aBATCH-UPD
_b10
_c20130110
_lUCH01
_h1736
590 _aBATCH-UPD
_b10
_c20130410
_lUCH01
_h1117
590 _aBATCH-UPD
_b10
_c20130914
_lUCH01
_h1135
590 _aCONVERSION
_b10
_c20130109
_lUCH01
_h1354
650 1 4 _aAgricultura
_xInnovaciones tecnológicas.
_91565
650 1 4 _aIndustrias agrícolas
_xInnovaciones tecnológicas.
_957952
901 _aBK
911 _aen proceso
942 _cLIBRO
949 _a630.2 D16
_bBC
_cLIBRO
_d33724002122777
_eLIBRO
_h112471
_i110032
_sb
999 _c98374
_d98374